Manual de cálculo de crecidas y caudales mínimos en cuencas sin información fluviométrica

Guardado en:
Detalles Bibliográficos
Autor Corporativo: Ministerio de Obras Públicas. Dirección General de Aguas (Autor)
Formato: Libro
Lenguaje:español
Publicado: Santiago Ministerio de Obras Públicas. Dirección General de Aguas 1995
Colección:S. E. B., 4
Materias:
Etiquetas: Agregar Etiqueta
Sin Etiquetas, Sea el primero en etiquetar este registro!

MARC

LEADER 00000nam a2200000 a 4500
001 UCG2714
003 CL-VaPUC
008 100723e19950800CL |||||||||||||||||spa|d
082 0 4 |a 627.133  |b MIN  |2 21 
110 2 |a Ministerio de Obras Públicas. Dirección General de Aguas  |e author  |9 551264 
245 1 0 |a Manual de cálculo de crecidas y caudales mínimos en cuencas sin información fluviométrica 
300 |a 147 p 
942 |c BK 
945 |d 20100723 00:00:00  |a dcastane 
260 |a Santiago  |b Ministerio de Obras Públicas. Dirección General de Aguas  |c 1995 
650 0 |a Hidráulica   |9 260193 
650 0 |a Cuencas Fluviales  |9 352343 
583 |a last modification  |c 20100723 00:00:00  |k Rodrigo Vera 
490 0 |a S. E. B., 4 
999 |c 341841  |d 341839 
952 |0 0  |1 0  |4 0  |6 627_133000000000000_MIN_1995  |7 0  |8 A  |9 437627  |a BIBING  |b BIBING  |d 2019-11-22  |i 4695879  |o 627.133 MIN 1995  |p 4695879  |r 2025-01-20  |w 2019-11-22  |y BK  |k CIC